000
00318nam a2200133Ia 4500
005
20251222142031.0
008
251222s9999||||xx |||||||||||||| ||spa||
020
_a
84-285-1556-5
082
_a
070.449/B11
100
_a
Babin, Pierre
245
0
_a
El Lenguaje de la Nueva Cultura
264
_b
Paulinas
942
_c
LIB
999
_c
10962
_d
10962